000 00299nam a22001337a 4500
008 170727b xxu||||| |||| 00| 0 eng d
020 _a188122884
041 _aeng
080 _a004
100 _a31
101 _aSHK
245 _aGETTING STARTED WITH STATA FOR UNIX
_cYONKERS
942 _2udc
_cBK
999 _c21993
_d21993